Bruises Off The Peach - Ryan Beatty All Lyrics - Statistics

General Stats
  • This quiz has been taken 9 times
  • The average score is 205 of 221
Answer Stats
Answer % Correct
a
100%
about?
100%
again
100%
all
100%
always
100%
as
100%
beautiful
100%
bruises
100%
but
100%
cut
100%
did
100%
do
100%
down
100%
ever
100%
give
100%
go
100%
have
100%
hold
100%
hours
100%
I
100%
is
100%
it
100%
last
100%
Love
100%
me
100%
me?
100%
million
100%
not
100%
Not
100%
off
100%
pass
100%
peach
100%
still
100%
sweet
100%
the
100%
There
100%
to
100%
What
100%
will
100%
with
100%
You
100%
you
100%
your
100%
alright
75%
and
75%
at
75%
August
75%
careless
75%
ceiling
75%
Christian
75%
comet
75%
gonna
75%
if
75%
I'm
75%
like
75%
missing
75%
needs
75%
now
75%
Oh
75%
Oh)
75%
oh)
75%
promise
75%
Something's
75%
Staring
75%
that's
75%
until
75%
wanted
75%
yeah)
75%
couldn't
50%
(I'll
50%
does
25%
even
25%
matter?
25%
(Whoa
25%
(why
25%
No matching quizzes found
Score Distribution
Percent of People with Each Score
Percentile by Number Answered
Your Score History
You have not taken this quiz